Zborník zo seminára na tému: Doprava, ubytovanie a stravovanie na úrovni základných a stredných škôl

Bibliographic Details
Format: Book
Language:Slovak
PhysicalDescription:54 s. grafy, mp., tab. 21 cm
Published: Bratislava Ekonóm 2003
ISBN:8022519804
Edition:[1. vyd.]
Subjects:

MARC

LEADER 00000nam a22000005a 4500
001 vtls001492875
003 SK-MaSNL
005 20260302073815.0
008 171201s2003 xo dbl f 100 0 slo
015 |a SNBA2005/06-02185 
020 |a 8022519804  |q (brožované)  |z 8022518239 
035 |a DBE4A2C0-9240-43E9-ABE6-2E2F4E78398C 
035 |a urn:nbn:sk:snk-amk6nn 
035 |a urn:nbn:sk:snk-am003wx0 
040 |a SNK  |b slo  |c SNK  |e AACR2 
041 0 |a slo 
044 |a xo  |c SK 
072 7 |a 338.3/.4  |x Hospodárske a výrobné odvetvia  |2 konspekt 
245 0 0 |a Zborník zo seminára na tému: Doprava, ubytovanie a stravovanie na úrovni základných a stredných škôl 
250 |a [1. vyd.] 
260 |a Bratislava  |b Ekonóm  |c 2003 
300 |a 54 s.  |b grafy, mp., tab.  |c 21 cm 
504 |a Zozn. 
650 0 7 |a služby  |2 SNKPH  |9 2356 
650 0 7 |a doprava  |2 SNKPH  |9 1777 
650 0 7 |a ubytovanie  |2 SNKPH  |9 429714 
650 0 7 |a stravovanie  |2 SNKPH  |9 13690 
650 0 7 |a základné školy  |2 SNKPH  |9 1280 
650 0 7 |a stredné školy  |2 SNKPH  |9 1279 
655 7 |a zborníky konferencií  |2 SNKPH  |9 70153 
919 |a 80-225-1980-4 
968 |a d37 
999 |c 1162484  |d 1164414 
952 |a SNK  |b SNK  |y PREZ  |7 0  |p 17A0457381  |o snkSC 118843  |i snk2005/2023  |8 0  |0 0  |1 0  |4 0  |d 2005-02-09  |f 1  |l 0  |r 2025-05-27 00:00:00  |w 2026-02-24 
952 |a SNK  |b SNK  |y VYP  |7 0  |p 17A0457380  |o snkSC 118843 D1  |i snk2005/2024  |8 0  |0 0  |1 0  |4 0  |d 2005-02-09  |l 0  |r 2026-02-24 20:38:08  |w 2026-02-24